[Event "Warsaw YMCA Winter 194th"]
[Site "Warsaw"]
[Date "2018.03.16"]
[Round "10"]
[White "Liberadzki, Slawomir"]
[Black "Chomiuk, Lukasz"]
[Result "1/2-1/2"]
[WhiteElo "2042"]
[BlackElo "1809"]
[PlyCount "68"]
[EventDate "2018.01.04"]
[EventType "swiss"]
[EventRounds "10"]
[EventCountry "POL"]
[SourceTitle "EXT 2019"]
[Source "ChessBase"]
[SourceDate "2018.10.10"]
[SourceVersion "1"]
[SourceVersionDate "2018.10.10"]
[SourceQuality "1"]

1. c4 Nf6 2. Nf3 e6 3. b3 d5 4. Bb2 g6 5. g3 Bg7 6. Bg2 0-0 7. 0-0 Nbd7 8. Nc3 c6 9. d4 Re8 10. Qd3 a5 11. e4 dxe4 12. Nxe4 Nxe4 13. Qxe4 a4 14. Ne5 Nxe5 15. dxe5 Qb6 16. Bd4 c5 17. Be3 axb3 18. axb3 Rxa1 19. Rxa1 Qxb3 20. Bxc5 Qc3 21. Ra3 Qxe5 22. Qxe5 Bxe5 23. Ra8 Bd7 24. Rxe8+ Bxe8 25. Bxb7 Bc7 26. f4 f6 27. Kf2 Kf7 28. Ke3 h5 29. Kd4 h4 30. Bb4 Ba4 31. c5 e5+ 32. Ke3 exf4+ 33. gxf4 Ke6 34. h3 Bb3 1/2-1/2

[Event "Warsaw YMCA Winter 194th"]
[Site "Warsaw"]
[Date "2018.03.08"]
[Round "9"]
[White "Chomiuk, Lukasz"]
[Black "Kasperkiewicz, Pawel"]
[Result "1-0"]
[WhiteElo "1809"]
[BlackElo "2064"]
[PlyCount "61"]
[EventDate "2018.01.04"]
[EventType "swiss"]
[EventRounds "10"]
[EventCountry "POL"]
[SourceTitle "EXT 2019"]
[Source "ChessBase"]
[SourceDate "2018.10.10"]
[SourceVersion "1"]
[SourceVersionDate "2018.10.10"]
[SourceQuality "1"]

1. d4 Nf6 2. Nf3 g6 3. Bf4 Bg7 4. e3 0-0 5. Nbd2 d6 6. c3 Nc6 7. Bc4 Nd7 8. d5 Nce5 9. Nxe5 Nxe5 10. Bxe5 Bxe5 11. Qc2 c6 12. e4 b5 13. Bd3 cxd5 14. exd5 Bb7 15. Be4 Qb6 16. h4 Rac8 17. h5 Bg7 18. hxg6 fxg6 19. Nf3 Rc4 20. Bxg6 hxg6 21. Qxg6 Rf6 22. Qe8+ Rf8 23. Qh5 Re4+ 24. Kd1 Rxf3 25. gxf3 Rf4 26. Ke2 b4 27. Rag1 Qb5+ 28. Ke3 Rf7 29. Qh7+ Kf8 30. Qh8+ Bxh8 31. Rxh8# 1-0

[Event "Warsaw YMCA Winter 194th"]
[Site "Warsaw"]
[Date "2018.02.02"]
[Round "4"]
[White "Kasperkiewicz, Pawel"]
[Black "Chomiuk, Lukasz"]
[Result "1/2-1/2"]
[WhiteElo "2064"]
[BlackElo "1809"]
[PlyCount "110"]
[EventDate "2018.01.04"]
[EventType "swiss"]
[EventRounds "10"]
[EventCountry "POL"]
[SourceTitle "EXT 2019"]
[Source "ChessBase"]
[SourceDate "2018.10.10"]
[SourceVersion "1"]
[SourceVersionDate "2018.10.10"]
[SourceQuality "1"]

1. c4 g6 2. Nc3 Bg7 3. Nf3 e5 4. d4 exd4 5. Nxd4 Ne7 6. Bg5 f6 7. Bf4 0-0 8. e3 Nbc6 9. Be2 Nxd4 10. exd4 d6 11. 0-0 f5 12. Qd2 Nc6 13. d5 Ne5 14. Bh6 Qh4 15. Bxg7 Kxg7 16. f4 Ng4 17. Bxg4 fxg4 18. Nb5 Rf7 19. Rae1 Bf5 20. b3 h5 21. Nd4 g3 22. Nxf5+ gxf5 23. Qc3+ Kh7 24. hxg3 Qg4 25. Kf2 Rg8 26. Rh1 Rfg7 27. Rh3 Rg6 28. Reh1 Rh6 29. Qf3 Kg6 30. Rh4 Qxf3+ 31. gxf3 Rgh8 32. b4 b6 33. Re1 Kf7 34. Re3 a5 35. bxa5 Ra8 36. Ra3 bxa5 37. Rh1 Rhh8 38. Rb1 Ra7 39. Rab3 a4 40. Rb7 Rha8 41. a3 Kf6 42. Rxa7 Rxa7 43. Rb4 Ra6 44. Ke3 Kg6 45. Kd4 h4 46. g4 h3 47. Rb1 Rb6 48. Rh1 Rb3 49. Rxh3 fxg4 50. Rg3 Rxa3 51. Rxg4+ Kf6 52. Rg8 Ke7 53. Rc8 Kd7 54. Ra8 Ra1 55. Ke3 Ra3+ 1/2-1/2

[Event "Warsaw YMCA Winter 194th"]
[Site "Warsaw"]
[Date "2018.01.12"]
[Round "2"]
[White "Liberadzki, Slawomir"]
[Black "Chomiuk, Lukasz"]
[Result "1-0"]
[WhiteElo "2042"]
[BlackElo "1809"]
[PlyCount "87"]
[EventDate "2018.01.04"]
[EventType "swiss"]
[EventRounds "10"]
[EventCountry "POL"]
[SourceTitle "EXT 2019"]
[Source "ChessBase"]
[SourceDate "2018.10.10"]
[SourceVersion "1"]
[SourceVersionDate "2018.10.10"]
[SourceQuality "1"]

1. c4 c6 2. Nf3 d5 3. b3 Bf5 4. Bb2 Bxb1 5. Rxb1 Nd7 6. e3 Ngf6 7. Be2 g6 8. 0-0 Bg7 9. b4 0-0 10. d4 Ne4 11. Qb3 e6 12. Rfd1 dxc4 13. Bxc4 Qe7 14. a4 Nb6 15. Bd3 Ng5 16. Ne5 f6 17. Nc4 Nd5 18. Ba3 Rfc8 19. b5 Qc7 20. Rdc1 Bf8 21. Bxf8 Kxf8 22. bxc6 bxc6 23. Qa3+ Qe7 24. Qxe7+ Nxe7 25. Na5 Nf7 26. Rc5 Nd8 27. h4 Ke8 28. Ba6 Rab8 29. Rcc1 Rxb1 30. Rxb1 Rc7 31. Rb8 Kd7 32. Nb3 Nd5 33. Nc5+ Ke7 34. Rxd8 Kxd8 35. Nxe6+ Kd7 36. Nxc7 Kxc7 37. a5 Nb4 38. Be2 Na2 39. f3 Nc1 40. Bc4 Kb7 41. Kf2 Nb3 42. Bxb3 Ka6 43. Ba4 Kxa5 44. Bxc6 1-0

[Event "Warsaw YMCA Spring-B 168th"]
[Site "Warsaw"]
[Date "2016.06.10"]
[Round "10"]
[White "Moskwinski, Marek"]
[Black "Chomiuk, Lukasz"]
[Result "1-0"]
[WhiteElo "1812"]
[BlackElo "1828"]
[PlyCount "41"]
[EventDate "2016.04.07"]
[EventType "tourn"]
[EventRounds "13"]
[EventCountry "POL"]
[SourceTitle "EXT 2019"]
[Source "ChessBase"]
[SourceDate "2018.10.10"]
[SourceVersion "1"]
[SourceVersionDate "2018.10.10"]
[SourceQuality "1"]

1. e4 c6 2. d4 d5 3. exd5 cxd5 4. Bd3 Nf6 5. Nf3 Nc6 6. c3 g6 7. 0-0 Bg7 8. Bf4 0-0 9. Re1 Re8 10. Nbd2 Bg4 11. h3 Bxf3 12. Nxf3 Qb6 13. Qb3 Qxb3 14. axb3 Nh5 15. Bh2 a5 16. Bb5 e6 17. Ra4 Rec8 18. Rea1 b6 19. Bxc6 Rxc6 20. b4 f6 21. g4 1-0

[Event "Warsaw YMCA Winter 149th"]
[Site "Warsaw"]
[Date "2015.03.04"]
[Round "9"]
[White "Chomiuk, Lukasz"]
[Black "Kokoszczynski, Jan"]
[Result "0-1"]
[WhiteElo "1668"]
[BlackElo "1765"]
[PlyCount "120"]
[EventDate "2015.01.07"]
[EventType "tourn"]
[EventRounds "13"]
[EventCountry "POL"]
[SourceTitle "EXT 2019"]
[Source "ChessBase"]
[SourceDate "2018.10.10"]
[SourceVersion "1"]
[SourceVersionDate "2018.10.10"]
[SourceQuality "1"]

1. d4 g6 2. Bf4 Bg7 3. Nf3 Nf6 4. e3 0-0 5. Be2 d6 6. 0-0 b6 7. c3 Bb7 8. Nbd2 Nbd7 9. Re1 Re8 10. Nc4 h6 11. h4 Ne4 12. Nfd2 e5 13. Nxe4 Bxe4 14. dxe5 dxe5 15. Bg3 Qe7 16. Bf3 Nc5 17. Bxe4 Nxe4 18. Qg4 Nxg3 19. Qxg3 Qc5 20. Nd2 Rad8 21. Nb3 Qd6 22. e4 c5 23. c4 a5 24. a4 Qd3 25. Qxd3 Rxd3 26. Nc1 Rd4 27. b3 f5 28. Ra2 Red8 29. f3 fxe4 30. fxe4 h5 31. Rf2 Bh6 32. Rff1 Kg7 33. Re2 Rd1 34. Ree1 Rxe1 35. Rxe1 Bxc1 36. Rxc1 Rd3 37. Kf2 Rxb3 38. Rd1 Rb4 39. Rd6 Rxc4 40. Rxb6 Rxe4 41. Rb5 Rxa4 42. Rxc5 Kf6 43. Kf3 Kf5 44. g3 Ra3+ 45. Kf2 a4 46. Rc8 Rb3 47. Rf8+ Ke4 48. Ra8 Rb2+ 49. Ke1 Ra2 50. Kd1 a3 51. Kc1 Kf3 52. Kb1 Rb2+ 53. Kc1 Rb3 54. Kc2 Re3 55. Ra6 Kxg3 56. Rxg6+ Kxh4 57. Kd2 a2 58. Ra6 Rg3 59. Ke2 Rg1 60. Ra4+ Kg5 0-1

[Event "Warsaw YMCA Winter 149th"]
[Site "Warsaw"]
[Date "2015.02.25"]
[Round "8"]
[White "Bartczak, Hanna"]
[Black "Chomiuk, Lukasz"]
[Result "0-1"]
[WhiteElo "1615"]
[BlackElo "1668"]
[PlyCount "118"]
[EventDate "2015.01.07"]
[EventType "tourn"]
[EventRounds "13"]
[EventCountry "POL"]
[SourceTitle "EXT 2019"]
[Source "ChessBase"]
[SourceDate "2018.10.10"]
[SourceVersion "1"]
[SourceVersionDate "2018.10.10"]
[SourceQuality "1"]

1. d4 Nf6 2. c4 g6 3. Nf3 Bg7 4. Nc3 d6 5. Bf4 0-0 6. e3 b6 7. h3 Bb7 8. Be2 Nbd7 9. 0-0 a5 10. a3 Re8 11. Qc2 e5 12. Bh2 exd4 13. exd4 Ne4 14. Rab1 Nxc3 15. bxc3 Qe7 16. Rbe1 Bxf3 17. Bxf3 Qxe1 18. Bxa8 Qe2 19. Qxe2 Rxe2 20. Rd1 Rc2 21. c5 bxc5 22. dxc5 Nxc5 23. Bf4 Rxc3 24. Rb1 Rb3 25. Rxb3 Nxb3 26. Bd5 Nd4 27. Kf1 Be5 28. Bd2 c6 29. Bc4 a4 30. Bc1 Nb3 31. Be3 d5 32. Ba6 d4 33. Bh6 Bd6 34. Bb7 Na5 35. Ba8 Bxa3 36. Bd2 Nc4 37. Ke2 Nxd2 38. Kxd2 c5 39. Bc6 Bb4+ 40. Kd3 a3 41. Bd5 Kg7 42. g4 f5 43. g5 h6 44. f4 hxg5 45. fxg5 Be1 46. Kc2 f4 47. Kb3 d3 48. Kxa3 d2 49. Bf3 Kf8 50. Kb3 Ke7 51. Kc4 Kd6 52. Bg4 Ke5 53. Kd3 c4+ 54. Ke2 Kd4 55. h4 Bxh4 56. Kxd2 Bxg5 57. Bf3 Bf6 58. Be2 g5 59. Bf3 Be7 0-1

[Event "Warsaw YMCA Winter 149th"]
[Site "Warsaw"]
[Date "2015.02.18"]
[Round "7"]
[White "Chomiuk, Lukasz"]
[Black "Wrabel, Antoni"]
[Result "1/2-1/2"]
[WhiteElo "1668"]
[BlackElo "1705"]
[PlyCount "88"]
[EventDate "2015.01.07"]
[EventType "tourn"]
[EventRounds "13"]
[EventCountry "POL"]
[SourceTitle "EXT 2019"]
[Source "ChessBase"]
[SourceDate "2018.10.10"]
[SourceVersion "1"]
[SourceVersionDate "2018.10.10"]
[SourceQuality "1"]

1. d4 Nf6 2. e3 d5 3. f4 c5 4. c3 Nc6 5. Nf3 Bf5 6. Bd3 Bxd3 7. Qxd3 e6 8. Ne5 Ne4 9. 0-0 f6 10. Nxc6 bxc6 11. Nd2 Nxd2 12. Bxd2 Bd6 13. e4 0-0 14. e5 Be7 15. exf6 Rxf6 16. Be3 Qb6 17. dxc5 Bxc5 18. Bxc5 Qxc5+ 19. Qd4 Qxd4+ 20. cxd4 Rb8 21. b3 Rb4 22. Rad1 Kf7 23. g3 Ke7 24. Rd3 Kd6 25. Rc1 Rf7 26. a3 Rb6 27. b4 Rc7 28. Rc5 Rb5 29. Rdc3 Rxc5 30. bxc5+ Kd7 31. Rb3 Kc8 32. Kg2 Rb7 33. Re3 Kd7 34. Kh3 Rb2 35. g4 Rd2 36. Rb3 Kc7 37. f5 exf5 38. gxf5 Rxd4 39. Rg3 g6 40. fxg6 hxg6 41. Rxg6 Rc4 42. Rg7+ Kb8 43. Kg2 Rxc5 44. h4 d4 1/2-1/2

[Event "Warsaw YMCA Winter 149th"]
[Site "Warsaw"]
[Date "2015.01.07"]
[Round "1"]
[White "Chomiuk, Lukasz"]
[Black "Szukalski, Antoni"]
[Result "0-1"]
[WhiteElo "1668"]
[BlackElo "1739"]
[PlyCount "48"]
[EventDate "2015.01.07"]
[EventType "tourn"]
[EventRounds "13"]
[EventCountry "POL"]
[SourceTitle "EXT 2019"]
[Source "ChessBase"]
[SourceDate "2018.10.10"]
[SourceVersion "1"]
[SourceVersionDate "2018.10.10"]
[SourceQuality "1"]

1. d4 d5 2. e3 Bf5 3. f4 Nf6 4. Nf3 e6 5. Bd3 Nbd7 6. 0-0 c5 7. c3 Ne4 8. Ne5 Nxe5 9. fxe5 c4 10. Qa4+ Qd7 11. Qxd7+ Kxd7 12. Bxe4 dxe4 13. Nd2 Rc8 14. g4 Bg6 15. Rf4 Be7 16. Nxe4 h5 17. gxh5 Rxh5 18. Ng3 Rh3 19. e4 Rch8 20. Rf2 R8h4 21. Bd2 Rg4 22. Kg2 Bxe4+ 23. Kg1 Rgxg3+ 24. hxg3 Rh1# 0-1